Measurement and prediction / (Record no. 33507)
[ view plain ]
| 000 -LEADER | |
|---|---|
| fixed length control field | 00993nam a2200289 a 4500 |
| 001 - CONTROL NUMBER | |
| control field | 33507 |
| 003 - CONTROL NUMBER IDENTIFIER | |
| rucl marc code | BD-RjUL |
| 005 - DATE AND TIME OF LATEST TRANSACTION | |
| control field | 20211209052023.0 |
| 008 - FIXED-LENGTH DATA ELEMENTS--GENERAL INFORMATION | |
| fixed length control field | 140508s1950 njua 001 0 eng d |
| 035 ## - SYSTEM CONTROL NUMBER | |
| System control number | (BD-RjUL)33598 |
| 040 ## - CATALOGING SOURCE | |
| Original cataloging agency | VVB |
| Transcribing agency | VVB |
| Modifying agency | OCL |
| -- | UKM |
| -- | EQO |
| -- | BD-RjUL |
| Language of cataloging | eng |
| 041 ## - LANGUAGE CODE | |
| Language code of text/sound track or separate title | eng |
| 082 ## - DEWEY DECIMAL CLASSIFICATION NUMBER | |
| Classification number | 301.1018 |
| Edition number | 18 |
| Author mark and year | MEA V-4 1950 |
| 090 ## - LOCALLY ASSIGNED LC-TYPE CALL NUMBER (OCLC); LOCAL CALL NUMBER (OCLC) | |
| Classification number (OCLC) (R) ; Classification number, CALL (RLIN) (NR) | U22 |
| Local cutter number (OCLC) ; Book number/undivided call number, CALL (RLIN) | .S8 v.4 |
| 245 00 - TITLE STATEMENT | |
| Title | Measurement and prediction / |
| Statement of responsibility, etc. | by Samuel A. Stouffer ... [et al.] |
| Number of part/section of a work | Volume IV |
| 260 ## - PUBLICATION, DISTRIBUTION, ETC. (IMPRINT) | |
| Place of publication, distribution, etc. | Princeton, N.J. : |
| Name of publisher, distributor, etc. | Princeton University Press, |
| Date of publication, distribution, etc. | 1950. |
| 300 ## - PHYSICAL DESCRIPTION | |
| Pagination | x, 756 p. : |
| Illustrations | ill. ; |
| Size | 25 cm. |
| 490 1# - SERIES STATEMENT | |
| Series statement | Studies in social psychology in World War II ; |
| Volume/sequential designation | v.4 |
| 504 ## - BIBLIOGRAPHY, ETC. NOTE | |
| Bibliography, etc | Includes bibliographical footnotes and index. |
| 650 #0 - SUBJECT ADDED ENTRY--TOPICAL TERM | |
| Topical term or geographic name as entry element | Psychometrics. |
| 9 (RLIN) | 101686 |
| Topical term or geographic name as entry element | Psychology |
| General subdivision | Methodology. |
| 9 (RLIN) | 101687 |
| 700 1# - ADDED ENTRY--PERSONAL NAME | |
| Personal name | Stouffer, Samuel A. ...[et al.] |
| Dates associated with a name | 1900-1960. |
| 830 #0 - SERIES ADDED ENTRY--UNIFORM TITLE | |
| Volume number/sequential designation | v.4 |
| 830 #0 - SERIES ADDED ENTRY--UNIFORM TITLE | |
| Uniform title | Studies in social psychology in World War II ; |
| 942 ## - ADDED ENTRY ELEMENTS (KOHA) | |
| Source of classification or shelving scheme | Dewey Decimal Classification |
| Koha item type | Books |
| Lost status | Source of classification or shelving scheme | Damaged status | Not for loan | Collection code | Permanent Location | Current Location | Shelving location | Date acquired | Source of acquisition | Cost, normal purchase price | Total Checkouts | Full call number | Date last seen | Copy number | Koha item type |
|---|---|---|---|---|---|---|---|---|---|---|---|---|---|---|---|
| Dewey Decimal Classification | Not For Loan | Non-fiction | Central Library, University of Rajshahi | Central Library, University of Rajshahi | Reading Room | 19/11/1957 | OXFORD UNIVERSITY | 65.00 | 301.1018 MEA V-4 1950 | 08/05/2014 | C-1 | Books |